Stolice Melanezji i Wielkich Antylów - Statystyki

Ogólne statystyki
  • Ten quiz został rozwiązany 9 razy
  • Średni wynik to 5 z 10
Statystyki odpowiedzi
Państwo Stolica % Poprawnych
Kuba Hawana
89%
Haiti Port Au Prince
67%
Jamajka Kingstown
56%
Papua Nowa Gwinea Port Moresby
56%
Dominikana Santo domingo
56%
Fidżi Suva
56%
Portoryko (USA) San Juan
44%
Vanuatu Port Vila
33%
Wyspy Salomona Honiara
22%
Nowa Kaledonia (fr.) Numea
22%
Nie znaleziono quizów pasujących do podanych kryteriów
Rozkład punktacji
Procent ludzi z każdym wynikiem
Percentyl według liczby udzielonych odpowiedzi
Twoja historia wyników
Nie rozwiązałeś tego quizu